Mechanismus řízení hospodářské organizace
Guardado en:
| Autor principal: | |
|---|---|
| Otros Autores: | |
| Formato: | Libro |
| Lenguaje: | checo |
| Publicado: |
Praha
VŠE
1988
|
| Edición: | 1. vyd. |
| Etiquetas: |
Sin Etiquetas, Sea el primero en etiquetar este registro!
|
MARC
| LEADER | 00000nam a2200000 4500 | ||
|---|---|---|---|
| 001 | c031096 | ||
| 005 | 20221219085328.4 | ||
| 041 | 0 | |a cze | |
| 044 | |a CZ | ||
| 245 | 1 | 0 | |a Mechanismus řízení hospodářské organizace |c Richard Drechsler, Zdenka Klapalová |
| 250 | |a 1. vyd. | ||
| 264 | 1 | |a Praha |b VŠE |c 1988 | |
| 300 | |a 154 s. | ||
| 100 | 1 | |a Drechsler, Richard | |
| 700 | 1 | |a Klapalová, Zdenka | |